[Event "Final GP Rapid TOP 16 2019"]
[Site "Khanty-Mansijsk"]
[Date "2019.12.02"]
[Round "9.6"]
[White "Kokarev, Dmitry"]
[Black "Morozevich, Alexander"]
[Result "1/2-1/2"]
[WhiteElo "2601"]
[BlackElo "2659"]
[Annotator "TA"]
[PlyCount "175"]
[EventDate "2019.12.01"]
[EventType "tourn"]
[EventCountry "RUS"]
[SourceTitle "playchess.com"]
[Source "ChessBase"]
[SourceQuality "1"]

{[%evp 11,175,-7,-10,16,18,3,6,15,7,22,37,43,56,60,47,38,47,-46,-62,-61,-58,-62,-63,-67,-66,-125,-121,-124,-135,-124,-131,-125,-106,-110,-105,-122,-128,-136,-136,-123,-47,-50,-41,-55,-62,-124,-120,-203,-208,-246,-221,-225,-239,-235,-144,-148,-142,-143,-140,-137,-133,-157,-131,-135,-117,-141,-105,-157,-148,-177,-179,-499,-506,-510,-500,-686,-611,-1070,-359,-386,-380,-278,-41,-46,0,0,0,0,0,0,0,0,0,0,0,-31,-31,-31,-31,-31,-31,-31,-31,-31,-18,-31,-27,-31,-18,-18,0,0,0,0,0,0,0,0,0,-62,0,-62,0,0,0,0,0,-62,-46,-46,-46,-62,-62,-12848,-12848,-12851,-29971,-12851,-12851,-12851,-12851,-12851,0,0,0,0,0,0,0,0,0,0,0,0,0,0,0,0,0,0,0,0,0,0,0,0]} 1. e4 e6 2. d4 d5 3. Nc3 Nf6 4. Bg5 Bb4 5. e5 h6 6. Bc1 Ne4 7. Qg4 {C12: French: Classical System: McCutcheon Variation} g6 ({But not} 7... Nxc3 $6 8. Qxg7 Kd7 9. Bd2 $16) (7... Kf8 8. Nge2 c5 9. a3 h5 10. Qf4 Ba5 11. dxc5 Nxc3 12. Nxc3 Bxc3+ 13. bxc3 Qa5 14. Bd2 Nc6 {0-1 (53) Naiditsch,A (2702)-Buhmann,R (2564) Germany 2018}) 8. Nge2 c5 9. a3 Bxc3+ 10. bxc3 {next f3 is good for White.} Qa5 11. f3 $1 {[%cal Rf3e4]} Nxc3 12. Bd2 cxd4 13. Nxd4 {Nb5! is the strong threat.} Qc7 14. Bd3 $146 (14. Qf4 $14 a6 15. Bd3) ({Predecessor:} 14. f4 Bd7 {½-½ (46) Harding,T (2085)-Jessel,S (2352) Dublin 2015}) 14... Qxe5+ $15 15. Kf2 $1 {[#]} Ne4+ $1 {[%mdl 512]} 16. fxe4 (16. Bxe4 Qxd4+) 16... Qxd4+ 17. Be3 Qf6+ 18. Ke2 (18. Qf4 $15 Qxf4+ 19. Bxf4) 18... Nc6 19. exd5 exd5 20. Qf4 Qxf4 21. Bxf4 Bf5 22. Bxf5 {Strongly threatening Bd3.} Nd4+ 23. Kf2 Nxf5 24. Rhe1+ Kd7 25. Rad1 Rhe8 (25... Ne7 $17 26. c4 Rac8 27. cxd5 Rc4) 26. Rxd5+ Kc6 27. Red1 Re4 28. Kf3 (28. g3 $15) 28... Rae8 $36 {[%mdl 2048] Black has strong initiative.} 29. Rd7 (29. g4 $17 Ne3 {[%mdl 64] Double Attack} 30. Rd6+ Kc5 31. R1d3) 29... g5 $19 {[%csl Gg5][%cal Re4f4]} 30. Rc7+ Kb6 {[%csl Gg5][%cal Re4f4]} 31. Rb1+ Ka6 {[%csl Gg5][%cal Re4f4]} 32. Bg3 b6 33. Rxf7 Nd4+ 34. Kf2 Re2+ 35. Kf1 Rxc2 36. Bf2 Nc6 37. Rf6 h5 38. h4 g4 39. Rf5 (39. Re1 $142 Rd8 40. g3) 39... Re5 $17 40. Rg5 Ree2 41. Bg1 $2 (41. Rf5) 41... Rxg2 $19 42. Rxh5 Na5 43. Rd5 Nc4 44. Rd3 {White hopes to continue with Re1.} Rgd2 $2 (44... Ne5 45. Rbb3 Nxd3 46. Rxd3 Ra2) 45. Rd1 Rxd3 46. Rxd3 {[%mdl 4096] Endgame KRB-KRN} Ne5 $2 (46... Nd2+ $19 47. Ke2 Nf3+ {[%mdl 64] Double Attack} 48. Kd1 Ra2) 47. Rg3 Rc6 48. Be3 Nf3 49. h5 Re6 50. Kf2 Rf6 51. Ke2 Ne5 52. h6 Rf5 53. Bd4 Nf7 54. Be3 Rh5 55. Rxg4 Nxh6 56. Bxh6 Rxh6 $15 {KR-KR} 57. Kd2 Rc6 58. Ra4+ Kb7 59. Kd3 a5 60. Rh4 b5 61. a4 b4 {Hoping for ...Rc3+.} 62. Rh5 Kb6 63. Kd4 Ka6 64. Rg5 Rh6 (64... b3 {with more complications.} 65. Rb5 Rd6+ 66. Ke3 Rh6 67. Kd3 Rh3+) 65. Rg4 (65. Kc4 $11) 65... Kb6 (65... Rh5 $1 $15) 66. Rf4 (66. Rg5 $11) 66... Kc6 (66... Rh5 $1 $15) 67. Rf5 $1 $11 Rh4+ 68. Kd3 Kb6 69. Kc2 ({White should try} 69. Rf6+ $11 Kb7 70. Rf7+ Kc8 71. Rf5) 69... Rh2+ 70. Kb1 Rh3 71. Rf6+ Kc5 72. Rf5+ $2 {[%mdl 8192] [#]} (72. Kc2 $15) 72... Kc4 $1 $19 {[%cal Rc4c3]} 73. Rxa5 Kb3 {[%cal Rh3h1]} 74. Kc1 Rh1+ 75. Kd2 Ra1 76. Rh5 Rxa4 $2 ({Better is} 76... Ka3 $19 {Threatens to win with ...b3.} 77. a5 Ka4) 77. Rh3+ $11 {The position is equal.} Kb2 78. Rh4 Kb3 79. Rh3+ Ka2 {And now ...b3 would win.} 80. Rh4 $1 Ka3 81. Kc1 Ra6 {White must now prevent ...Rg6.} 82. Kb1 $1 Rg6 {aiming for ...Rg1+.} 83. Rh1 Rg2 84. Rh3+ b3 {[%cal Rg2g1]} 85. Rh1 Rb2+ 86. Ka1 Ra2+ 87. Kb1 Rf2 88. Rg1 {Accuracy: White = 56%, Black = 50%.} 1/2-1/2

[Event "Final GP Rapid TOP 16 2019"]
[Site "Khanty-Mansijsk"]
[Date "2019.12.02"]
[Round "9.7"]
[White "Moiseenko, Vadim"]
[Black "Bocharov, Dmitry"]
[Result "0-1"]
[WhiteElo "2532"]
[BlackElo "2519"]
[Annotator "TA"]
[PlyCount "87"]
[EventDate "2019.12.01"]
[EventType "tourn"]
[EventCountry "RUS"]
[SourceTitle "playchess.com"]
[Source "ChessBase"]
[SourceQuality "1"]

{[%evp 14,87,32,8,6,11,4,12,0,0,5,0,12,-17,-19,-28,-25,-26,-26,-18,-21,-22,-3,-25,-13,-139,-133,-125,-134,-134,-39,-65,-52,-51,-13,-53,-40,-50,-15,-44,-37,-46,-11,-106,-24,-21,-23,-92,-28,-178,-92,-89,-39,-43,-35,-18,-29,-100,-42,-142,-159,-145,-158,-119,-8,-202,-191,-178,-37,-546,-485,-508,-501,-1210,-985,-6107]} 1. e4 c5 2. Nf3 d6 3. d4 cxd4 4. Nxd4 Nf6 5. Nc3 a6 6. Be3 e6 7. Be2 Qc7 8. g4 d5 {B84: Sicilian Scheveningen: 6 Be2 a6, lines without early Be3} 9. exd5 Bb4 10. dxe6 Bxc3+ {The position is equal.} 11. bxc3 Qxc3+ 12. Kf1 fxe6 13. Nb3 Nd5 {[#]} 14. Bd4 $146 ({Predecessor:} 14. Qd4 Qc7 15. Bd3 Nc6 16. Qe4 {0-1 (33) Shirov,A (2740)-Ivanchuk,V (2695) Buenos Aires 1994}) 14... Qh3+ 15. Kg1 O-O 16. Bc5 Re8 17. Bf1 Qh4 18. c4 Nf4 19. Be3 (19. h3 $11) 19... Nh3+ $1 $17 20. Bxh3 Qxh3 21. f3 Nc6 (21... e5 $1 $17 22. Bc5 (22. Qd5+ Be6 $17) 22... h5 23. Qd5+ Be6 24. Qxe5 (24. Qxb7 $2 Nd7 $19) 24... Qxf3 25. gxh5 Nc6) 22. Qf1 $1 $15 {[%cal Rf1h3]} Qh4 23. Kg2 e5 {White must now prevent ...Bxg4!} 24. Qf2 Qe7 25. h3 Be6 26. Rac1 Qf7 27. Nc5 Rad8 28. Qb2 (28. Rc3 $11) 28... Nd4 (28... Bxc4 $17 29. Qxb7 {[%mdl 64] Double Attack} Re7) 29. Bxd4 $11 Rxd4 30. Rhe1 (30. Nxe6 $11 {remains equal.} Qxe6 31. Rhd1) 30... Qf4 ({Reject} 30... Rxc4 $6 31. Nxe6 Qxe6 32. Rxc4 $11) (30... Bxc4 $17 {Strongly threatening ...Rf8.} 31. Rxe5 Red8) 31. Ne4 (31. Rcd1 $11 Rxd1 32. Rxd1 Bxc4 33. Qxb7) 31... Rf8 ({Don't do} 31... Rxc4 32. Rxc4 Bxc4 33. Qxb7 $15) (31... Red8 $19 32. Rc2 Bxc4) 32. Qe2 $17 Bd7 33. Rcd1 Bc6 34. Rxd4 exd4 35. Qd3 {[#]} (35. Rd1 $11) 35... h6 ({Black should play} 35... h5 $1 $17 {[%mdl 512]}) 36. Nd2 {[#]} ({Better is} 36. Rf1 $15) 36... h5 $1 $36 {[%cal Rh5g4][%mdl 2560] Hoping for ...hxg4. Black is in control.} 37. Ne4 (37. gxh5 Rf5) 37... h4 {And now ...Bxe4 would win.} 38. Rf1 Kh8 (38... Re8 $17 {[%cal Rc6e4]} 39. Re1 b6) 39. a3 $2 (39. Qxd4 $11 {and White has nothing to worry.} Bxe4 40. Qxe4) 39... b5 $19 40. c5 a5 ({Black should try} 40... Re8 $19 41. Kg1 Bd5) 41. Kg1 $2 {[%mdl 8192]} (41. Qd2 $1 $15) 41... b4 {Black is clearly winning.} 42. axb4 axb4 {[%cal Ba5b4,Bb4b3][%mdl 32] aiming for ...Bxe4.} 43. Rf2 {[#]} (43. Rb1 $142 Bxe4 44. Qxe4 Qg3+ {[%mdl 64] Double Attack} 45. Kh1 Qxh3+ 46. Kg1 Rxf3 47. Qe8+ Kh7 48. Qh5+ Kg8 49. Qd5+ Rf7 50. Qe4) 43... b3 $1 {[%mdl 512] Threatens to win with ...Bxe4.} 44. Kf1 {Accuracy: White = 28%, Black = 42%.} (44. Qxb3 Bxe4) 0-1

[Event "Final GP Rapid TOP 16 2019"]
[Site "Khanty-Mansijsk"]
[Date "2019.12.02"]
[Round "9.8"]
[White "Sakaev, Konstantin"]
[Black "Golubov, Saveliy"]
[Result "1/2-1/2"]
[WhiteElo "2595"]
[BlackElo "2469"]
[Annotator "TA"]
[PlyCount "32"]
[EventDate "2019.12.01"]
[EventType "tourn"]
[EventCountry "RUS"]
[SourceTitle "playchess.com"]
[Source "ChessBase"]
[SourceQuality "1"]

{[%evp 13,32,28,16,24,25,19,20,16,14,19,47,33,62,66,78,81,60,62,83,48,80]} 1. d4 g6 2. e4 Bg7 3. c4 d6 4. Nc3 Nf6 5. Be2 O-O 6. Be3 c5 7. d5 e6 8. Nf3 {E73: King's Indian: Averbakh Variation without 6...c5} exd5 9. cxd5 Bg4 (9... Re8 10. Nd2 c4 11. O-O Na6 12. Bf3 b6 13. Re1 Nc5 14. Bxc5 bxc5 15. e5 Rxe5 16. Rxe5 dxe5 17. Nxc4 {½-½ (23) Howell,D (2687)-Jones,G (2670) Hull 2018}) 10. Nd2 {The position is equal.} Bxe2 11. Qxe2 Ne8 12. O-O Na6 $146 ({Predecessor:} 12... Nc7 13. a4 Nd7 14. Nc4 Qe7 15. Bf4 Ne5 16. Bxe5 Bxe5 17. Nxe5 dxe5 {½-½ (94) Girya,O (2484)-Bodnaruk,A (2428) Riadh 2017}) 13. Nc4 f5 14. f3 Nac7 15. a4 Qe7 16. Qd3 Rd8 1/2-1/2

[Event "Final GP Rapid TOP 16 2019"]
[Site "Khanty-Mansijsk"]
[Date "2019.12.02"]
[Round "10.1"]
[White "Ponkratov, Pavel"]
[Black "Golubov, Saveliy"]
[Result "1-0"]
[WhiteElo "2619"]
[BlackElo "2469"]
[Annotator "TA"]
[PlyCount "188"]
[EventDate "2019.12.01"]
[EventType "tourn"]
[EventCountry "RUS"]
[SourceTitle "playchess.com"]
[Source "ChessBase"]
[SourceQuality "1"]

{[%evp 9,188,33,92,97,97,100,109,71,77,68,75,70,101,93,104,82,94,77,81,64,77,69,90,85,83,74,90,86,110,107,149,150,144,143,136,149,154,147,153,124,129,120,122,121,122,120,127,146,133,131,143,126,139,148,164,143,140,120,134,81,106,25,186,186,370,399,431,413,410,420,407,402,489,488,435,234,231,203,203,203,203,173,167,141,141,122,122,74,71,-286,85,85,122,122,122,122,122,122,122,88,88,88,88,88,88,88,88,0,88,88,88,88,88,88,88,85,88,88,88,88,88,85,88,88,88,88,88,74,74,74,88,74,74,74,74,0,74,74,74,74,74,74,74,0,0,0,74,74,74,74,74,74,74,0,0,0,0,0,74,74,74,74,74,74,74,74,74,8,74,74,74,11,11,11,12,12,6129,5407,4627,1684,29970]} 1. e4 g6 2. d4 Bg7 3. Nc3 d6 4. Be3 Nf6 5. f3 e5 (5... c6 $14) (5... c6 6. Qd2 b5 7. Bh6 Bxh6 8. Qxh6 b4 9. Nce2 Nbd7 10. O-O-O Qa5 11. Kb1 Nb6 12. Nc1 Na4 13. Nb3 Qc7 14. Nh3 Bxh3 15. Qxh3 a5 16. d5 {0-1 (32) Demchenko,A (2660)-Andriasian,Z (2585) Riadh 2017}) 6. dxe5 $16 {B07: Pirc Defence: Miscellaneous Systems} dxe5 7. Qxd8+ Kxd8 8. Bc4 {White is better.} Be6 9. Bxe6 fxe6 10. Nh3 Nbd7 $146 ({Predecessor:} 10... Nfd7 11. O-O-O a6 12. Nf2 Nc6 13. h4 {1-0 (61) Hennings,A-Donner,J Havana 1967}) 11. a4 Ke7 12. Nf2 Ne8 13. Ke2 Nd6 14. Rhd1 a6 15. b3 Nb8 16. Nb1 {[%cal Bc3b1,Bb1a3,Ba3c4][%mdl 32]} Nc6 17. c3 b6 18. Na3 Nf7 19. Nc4 Bh6 20. Bxh6 Nxh6 21. b4 Nf7 22. Nd3 $1 Kf6 23. a5 Rhb8 24. Ra2 Nd6 25. Nxd6 cxd6 26. axb6 Rxb6 27. Nb2 {aiming for Nc4.} Na7 28. Nc4 {[%mdl 64] Double Attack} Rc6 29. Nxd6 Ke7 30. Rad2 $1 Rxc3 31. Nb7 $1 Nb5 {Threatens to win with ...Rc7.} 32. Rd7+ Kf6 33. Rxh7 {Black must now prevent Rdd7.} Nd4+ 34. Kf2 (34. Kf1 $142) 34... Rc2+ 35. Kg3 (35. Kf1 $16) 35... Ra7 $2 (35... g5 $11) 36. h4 $18 Rc8 $2 (36... Rc4) 37. Rd7 $1 Rc4 38. Nc5 Rxd7 39. Nxd7+ {[%mdl 4096] Endgame KRN-KRN} Kg7 40. Ra1 Ne2+ 41. Kg4 Rxb4 42. Nxe5 (42. Rxa6 $142 Nd4 43. Nxe5) 42... Rb5 43. f4 Rb3 {[%csl Ge2][%cal Rb3g3]} 44. Nf3 Rb4 45. Rxa6 Rxe4 46. Ra7+ Kf6 47. g3 {Intending Ng5 and mate.} Re3 48. Ra5 Nc3 49. Re5 $2 {[%mdl 8192] [#]} (49. Nd2 $1 $16 {and life is bright.}) 49... Ne4 $2 ({Black should play} 49... Nd1 $1 $19 {[%cal Rd1f2]} 50. h5 gxh5+ 51. Rxh5 Nf2+ 52. Kh4 Rxf3 53. Rh6+ Kf7 54. Rh7+ Kg6) 50. Kh3 $16 Rxf3 51. Rxe4 {KR-KR} Ra3 52. Re5 Rb3 53. Kg4 Ra3 54. h5 gxh5+ 55. Rxh5 Rb3 56. Rh6+ Kf7 57. Kh4 Rf3 58. Kg4 (58. Rh5 $16) 58... Ra3 (58... Rb3 $1 $11) 59. Rh1 Kf6 60. Rf1 Ra4 61. Kh5 Ra2 62. Rf3 Rh2+ 63. Kg4 Rb2 64. Re3 Rb1 65. Kf3 Rf1+ 66. Kg2 Ra1 67. g4 Rb1 68. Kf3 Rf1+ 69. Ke4 Ra1 70. g5+ Kf7 71. Rd3 Re1+ 72. Re3 Ra1 73. Kf3 Rf1+ 74. Kg3 Rg1+ 75. Kf2 Ra1 76. Rh3 (76. Re4 $16) 76... Ra4 $11 77. Kg3 {Rh7+ is the strong threat.} Re4 (77... e5 $1 $11) 78. Rh7+ $16 Kg6 79. Rh6+ Kg7 80. Kf3 Re1 81. Rf6 (81. Rh3 $16) 81... Kg8 $11 82. Rg6+ (82. Kf2 {is interesting.} Re4 83. Kg2 Re2+ 84. Kh3 Re3+ 85. Kh2) 82... Kf7 83. Rh6 ({Better is} 83. Kf2 $11 Kxg6 84. Kxe1) 83... Kg7 $16 84. Rh2 Rf1+ 85. Ke4 Re1+ 86. Kd4 Rd1+ {[#]} 87. Ke3 $1 Ra1 88. Rc2 ({White should try} 88. Rh6 $16) 88... Re1+ (88... Kg6 $11 {remains equal.}) 89. Kf2 Ra1 90. Rc7+ (90. Rc6 $16 Kf7 91. Rb6) 90... Kg6 $11 91. Re7 Kf5 $1 92. Rf7+ Ke4 $2 {[%mdl 8192]} (92... Kg4 $11) 93. g6 $18 Ra2+ 94. Kg3 Kd5 {Accuracy: White = 58%, Black = 48%.} 1-0

[Event "Final GP Rapid TOP 16 2019"]
[Site "Khanty-Mansijsk"]
[Date "2019.12.02"]
[Round "10.2"]
[White "Bocharov, Dmitry"]
[Black "Sakaev, Konstantin"]
[Result "1/2-1/2"]
[WhiteElo "2519"]
[BlackElo "2595"]
[Annotator "TA"]
[PlyCount "105"]
[EventDate "2019.12.01"]
[EventType "tourn"]
[EventCountry "RUS"]
[SourceTitle "playchess.com"]
[Source "ChessBase"]
[SourceQuality "1"]

{[%evp 10,105,4,4,31,-2,20,-113,0,0,0,0,0,-46,1,0,0,0,-5,0,0,0,5,-12,-8,-13,-1,-34,25,0,-9,-50,0,0,-4,-18,-18,-18,27,0,0,-4,125,59,80,-18,-2,-37,-33,-36,0,0,0,0,0,0,93,-19,41,-37,-36,-28,-10,-12,13,13,65,76,83,61,61,62,62,0,0,0,0,0,8,-50,145,145,145,152,794,535,703,-12,-12,-18,-14,-10,0,0,0,-17,0,0]} 1. Nf3 d5 2. e3 c5 3. c4 d4 4. b4 dxe3 5. fxe3 cxb4 6. d4 g6 $146 {A09: Réti Opening: 1 Nf3 d5 2 c4} (6... Nf6 7. Bd3 g6 8. a3 bxa3 9. O-O Bg7 10. Nc3 O-O 11. Bxa3 b6 12. Kh1 Nc6 13. Rc1 Bg4 14. h3 Bxf3 15. Qxf3 {1-0 (45) Wei,Y (2735)-Inarkiev,E (2690) Magas 2018}) 7. Qa4+ {[%mdl 1024] White has compensation.} Nc6 8. d5 (8. a3 $11) 8... Qa5 (8... Bg7 $1 $17 {[%cal Rg7a1]} 9. dxc6 Kf8 10. Qxb4 Bxa1 11. cxb7 Rb8 12. bxc8=R Qxc8) 9. Qb3 $1 $11 {aiming for Bb2.} Nb8 $1 (9... Bg7 $2 10. Bb2 $16) 10. Bb2 Nf6 11. e4 Bg7 12. Nbd2 O-O 13. e5 Nfd7 14. Be2 Nc5 15. Qe3 Qc7 16. O-O Bg4 17. Rae1 Nbd7 18. Bd4 e6 (18... f5 $15) 19. h3 Bxf3 20. Bxf3 (20. d6 $5 {[%cal Rd6c7]} Qa5 21. Rxf3 $11 (21. Bxf3 Qxa2 22. Re2 Rfc8 $11)) 20... Rae8 21. d6 $36 {[%mdl 2048] Black is under pressure.} Qc8 $1 22. a3 bxa3 23. Qxa3 f6 24. Qxa7 fxe5 25. Be3 Rf7 {[#]} (25... Rd8 $11) 26. Rb1 (26. Ne4 $1 $16 {[%cal Re4c5]} Nxe4 27. Bxe4) 26... b6 27. Rxb6 (27. Ne4 $16) 27... e4 28. Be2 ({Don't play} 28. Rb5 exf3 29. Rxf3 Rf5 $17) (28. Bg4 $5 {[%cal Rf1f7]} Rxf1+ 29. Kxf1 Nxb6 30. Qxb6 $11) 28... Rxf1+ 29. Bxf1 Nxb6 30. Qxb6 Nd7 31. Qb5 Ne5 $1 32. c5 Rf8 (32... Qa8 $1 $11 {keeps the balance.}) 33. Nc4 ({Much worse is} 33. Nxe4 Qa8 $11) (33. Qa4 $16) 33... Qc6 (33... Qa8 $11 34. Qb1 Nd7) 34. Na5 (34. Nxe5 $14 Qxb5 35. Bxb5 Bxe5 36. Bc6) 34... Qd5 $15 {White must now prevent ...Qd1.} 35. Qb3 $1 Qxb3 36. Nxb3 Rb8 37. Nd4 Rc8 ({Black should play} 37... Rb1 $11) 38. Nxe6 $14 Bf6 39. Bb5 {Hoping for Bd4.} Kf7 40. Nc7 Bd8 $1 41. Na6 (41. Kf1 $14) 41... Ke6 42. Kf1 Ba5 43. Ke2 Ra8 44. Bd4 ({White should try} 44. Bd2 $11 Bd8 45. Nc7+ Bxc7 46. dxc7) 44... Nd3 $2 {[#]} (44... Rf8 $15 {stays ahead.}) 45. Bc4+ $1 $16 Kd7 {Black wants to play ...Kc6.} 46. Ke3 Nb4 $2 (46... Kc6 $16) 47. Bb5+ Ke6 48. Kxe4 $2 (48. Nxb4 $18 Bxb4 49. Kxe4) 48... Nxa6 $11 {The position is equal.} 49. Bc4+ Kd7 {Threatens to win with ...Re8+.} 50. Bb5+ Ke6 51. Bc4+ Kd7 {...Re8+ is the strong threat.} 52. Bb5+ Ke6 53. Bc4+ {Accuracy: White = 32%, Black = 34%.} 1/2-1/2

[Event "Final GP Rapid TOP 16 2019"]
[Site "Khanty-Mansijsk"]
[Date "2019.12.02"]
[Round "10.3"]
[White "Morozevich, Alexander"]
[Black "Moiseenko, Vadim"]
[Result "1-0"]
[WhiteElo "2659"]
[BlackElo "2532"]
[Annotator "TA"]
[PlyCount "17"]
[EventDate "2019.12.01"]
[EventType "tourn"]
[EventCountry "RUS"]
[SourceTitle "playchess.com"]
[Source "ChessBase"]
[SourceQuality "1"]

{[%evp 9,63,20,50,43,76,65,65,67,77,74,293,298,297,287,274,266,261,215,224,197,196,100,112,86,79,71,75,37,25,46,45,6,93,85,119,125,115,89,82,71,78,79,81,67,73,75,68,68,70,70,133,139,123,145,149,122]} 1. e4 e5 2. Nf3 Nc6 3. Bb5 Nf6 4. d3 d6 5. O-O g6 6. d4 {C66: Ruy Lopez: Steinitz Defence} exd4 (6... Bd7 7. d5 Ne7 8. Bxd7+ Nxd7 9. c4 Bg7 10. Be3 h6 11. Nfd2 f5 12. f3 f4 13. Bf2 g5 14. Nc3 Ng6 15. c5 Nxc5 16. Bxc5 dxc5 17. Qb3 b6 18. d6 Qxd6 {1-0 (52) So,W (2776)-L'Ami,E (2639) Batumi 2018}) 7. e5 dxe5 8. Nxe5 {White is slightly better.} Qd5 {[%mdl 64] Double Attack} 9. Nxc6 {Played: Rf1-e1} 1-0

[Event "Final GP Rapid TOP 16 2019"]
[Site "Khanty-Mansijsk"]
[Date "2019.12.02"]
[Round "10.4"]
[White "Potapov, Pavel"]
[Black "Kokarev, Dmitry"]
[Result "0-1"]
[WhiteElo "2489"]
[BlackElo "2601"]
[Annotator "TA"]
[PlyCount "118"]
[EventDate "2019.12.01"]
[EventType "tourn"]
[EventCountry "RUS"]
[SourceTitle "playchess.com"]
[Source "ChessBase"]
[SourceQuality "1"]

{[%evp 15,186,3,11,0,7,10,0,-13,2,0,-2,-13,0,-12,-11,-12,-14,-16,-14,-21,-8,-29,0,0,0,0,0,-14,-24,-30,-23,-27,-40,-40,-35,-45,-47,-69,-59,-70,-50,-71,-70,-82,-86,-87,-84,-88,-86,-85,0,-34,-55,-112,-64,-116,-57,-52,-52,-51,-11,-22,0,0,0,0,0,0,0,0,0,0,0,0,0,0,0,0,0,0,0,-83,-76,-250,-245,-508,-177,-233,0,-132,0,-508,-508,-501,-501,-508,-508,-508,-508,-1533,-1685,-892,-508,-5772,-508,-29965,-29966,-29960,-29964,-29959,-29963,-9406,-1245,-1180,-1187,-1107,-860,-818,-794,-683,-508,-508,-508,-501,-501,-1692,-1685,-1399,-1692,-1678,-1678,-1678,-501,-1118,-841,-12134,-501,-1159,-501,-942,-501,-501,-501,-486,-479,-479,-452,-10412,-10499,-29957,-29959,-29951,-791,-29958,-29961,-29961,-29959,-29952,-29948,-29960,-29963,-29964,-29967,-29966,-29965,-29979,-29972,-29964,-29963,-29985,-29985,-29985,-29986]} 1. e4 c5 2. c3 Nf6 3. e5 Nd5 4. Nf3 d6 5. d4 cxd4 6. cxd4 Nc6 7. Bc4 Nb6 8. Bb5 Bd7 9. exd6 {B22: Sicilian: 2 c3} e6 10. Bg5 f6 11. Bh4 {The position is equal.} Bxd6 12. Nc3 Nb4 13. O-O O-O {[#]} 14. Qe2 $146 ({Predecessor:} 14. Qb3 Re8 15. Bg3 Bxb5 16. Nxb5 Bxg3 17. Qxb4 {0-1 (66) Karjakin,S (2752)-Carlsen,M (2861) Abidjan 2019}) 14... Re8 15. Bg3 Bxb5 16. Qxb5 a6 17. Qe2 Rc8 18. Rfe1 Bxg3 19. hxg3 Rc6 20. Rac1 Qc7 21. g4 h6 22. a3 N4d5 23. Nxd5 Nxd5 24. Rxc6 Qxc6 25. Qe4 Kf7 26. Nh4 Ne7 27. Qe3 Qd5 28. Nf3 Rc8 29. Rc1 Rxc1+ 30. Qxc1 Qe4 31. Qd1 Nc6 32. Qb3 Ne7 ({Of course not} 32... Nxd4 $6 33. Nxd4 Qxd4 34. Qxb7+ Kg6 35. Qxa6 $11) ({Black should play} 32... b5 $17) 33. Qb6 Qc6 34. Qb3 (34. Qc5 $15) 34... b5 35. Qe3 (35. Qd1 $15) 35... Nd5 (35... Qc2 $1 $17 36. Qd2 Qb1+ 37. Ne1 Nd5) 36. Qd2 $15 Qc7 37. Ne1 Qc4 38. Nc2 a5 39. Ne3 Nxe3 (39... Qc7 {is more complex.} 40. Nxd5 exd5 41. f3 Qc4 42. Kf2 b4) 40. fxe3 $11 {[%mdl 4096] Endgame KQ-KQ} b4 41. axb4 axb4 42. Kf2 Ke7 43. e4 Kd7 44. Ke3 Qb3+ 45. Qd3 Qxb2 {Threatens to win with ...Qa3.} 46. Qb5+ Ke7 47. Qb7+ Kf8 {aiming for ...Qc3+.} 48. d5 (48. Qc8+ $11 Kf7 49. d5 Qc3+ 50. Qxc3 bxc3 51. Kd3) 48... Qc3+ 49. Ke2 $2 (49. Kf2 $17) 49... Qc4+ $19 50. Ke3 $2 (50. Kf3 {keeps fighting.} e5 51. Qd7) 50... Qc5+ $2 (50... exd5 51. Qb8+ Kf7 52. Qb7+ Kg6 53. Qxd5 Qc3+ 54. Ke2 Kh7 55. Qf5+ Kh8) 51. Kd3 (51. Kf3 {was worth a try.}) 51... Qc3+ (51... exd5 $19 52. exd5 Qc3+ 53. Ke2 Qc4+ 54. Kf3 Ke8) 52. Ke2 $17 Qc4+ $2 {[%mdl 8192]} (52... b3 $17 53. dxe6 Qc4+ {[%mdl 64] Double Attack} 54. Kd2 Qxe6) 53. Ke3 $19 exd5 54. exd5 Qxg4 55. Qb8+ Kf7 56. Qc7+ Kg6 57. d6 (57. Qc2+ $142 f5 58. Qc6+ Kh5 59. d6) 57... Qg3+ 58. Ke2 b3 59. Kd1 (59. Qb7 $142 Qe5+ 60. Kf3) 59... Qxg2 {Played: Qg3-e5} 0-1